Statistics for Music by Letter - R

Click here to take the quiz!

General Stats

  • This quiz has been taken 7,647 times
    (7,349 since last reset)
  • The average score is 13 of 20

Answer Stats

Hint Answer % Correct
Elvis's musical genreRock
98%
Queen classic: "Bohemian _______"Rhapsody
98%
Tupac's genreRap
96%
Bob Marley's genreReggae
95%
Bob Dylan song: "Like a ______ Stone"Rolling
90%
The R in R&BRhythm
84%
Barbados-born singerRihanna
76%
A clarinet has one, an oboe has twoReed
73%
Child's wind instrumentRecorder
71%
What fugee is short forRefugee
69%
British pop icon Sir CliffRichard
58%
Hammerstein's musical partnerRodgers
58%
Mass for the deadRequiem
54%
"Shiny Happy People" bandR.E.M.
52%
Stravinsky work: "The ___ of Spring"Rite
50%
Beatles album: "______ Soul"Rubber
47%
What this symbol means Repeat
45%
Thom Yorke's bandRadiohead
45%
French composer of "Bolero"Ravel
43%
Wagner opera cycle: "The ____"Ring
36%

Score Distribution

Percentile by Number Answered

Percent of People with Each Score

Your Score History

You have not taken this quiz since the last reset